| 000 -ლიდერი |
| ფიქსირებული სიგრძის საკონტროლო ველი |
00918nam a22001817a 4500 |
| 003 - საკონტროლო ნომრის იდენტიფიკატორი |
| საკონტროლო ველი |
Ge_BSU |
| 005 - ბოლო ოპერაციის თარიღი და დრო |
| საკონტროლო ველი |
20250703103119.0 |
| 008 - ფიქსირებული სიგრძის მონაცემთა ელემენტები - ზოგადი ინფორმაცია |
| ფიქსირებული სიგრძის საკონტროლო ველი |
250703s1974 ge ||||| |||| 00| 0 geo d |
| 041 ## - ენის კოდი |
| Language code of text/sound track or separate title |
geo |
| 080 ## - უნივერსალური ათობითი კლასიფიკაციის ინდექსი |
| Universal Decimal Classification number |
342.734(47+57) წ-39 |
| 100 ## - მთავარი ჩანაწერი - პიროვნების სახელი |
| Personal name |
წერეთელი, ნ. |
| 9 (RLIN) |
4551 |
| 245 ## - ცნობა სათაურის შესახებ |
| Title |
მოსწავლე ახალგაზრდობის შრომითი უფლებების დაცვა / |
| Statement of responsibility, etc |
ნ. წერეთელი. |
| 264 ## - წარმოების, გამოცემის, დისტრიბუციის და სხვა ცნობები |
| გამოცემის, წარმოების, დისტრიბუციის... ადგილი |
თბილისი : |
| გამოცემის, წარმოების, დისტრიბუციის... სახელწოდება |
საბჭ. საქართველო, |
| გამოცემის, წარმოების, დისტრიბუციის... თარიღი |
1974. |
| 300 ## - ფიზიკური აღწერა |
| Extent |
31 გვ. ; |
| Other physical details |
17 სმ. |
| 440 ## - სერიის ცნობა / დამატებულია ჩანაწერი - სათაური |
| Title |
მშობლებს მოზარდი თაობის სამართლებრივი აღზრდის შესახებ |
| 9 (RLIN) |
25605 |
| 653 ## - INDEX TERM--UNCONTROLLED |
| Uncontrolled term |
ახალგაზრდობის შრომითი უფლებების დაცვა. |
| 942 ## - ADDED ENTRY ELEMENTS (KOHA) |
| Source of classification or shelving scheme |
|
| Koha item type |
წიგნი |